AK’s General Knowledge A-Z #28 - Statistics

General Stats
  • This quiz has been taken 547 times
  • The average score is 18 of 26
Answer Stats
Hint Answer % Correct
Q – a state in north-eastern Australia Queensland
89%
A – in Hinduism, the incarnation of a deity; the word is also familiar from gaming and from the highest-grossing movie ever Avatar
88%
M – metallic chemical element with the symbol Hg; the only element that has been named after a Roman god Mercury
87%
Z – The Twilight ____, TV series that first started in 1959 Zone
87%
D – author of On the Origin of Species who, as a young man, spent five productive years travelling around the world on HMS Beagle Charles Darwin
86%
H – is “hætte” in Danish, or Robin in Sherwood Hood
85%
L – TV series that started with a plane crash, or what you’ve done to that lovin’ feelin’, according to the Righteous Brothers Lost
81%
I – a religious painting, or something on a computer screen which performs some function when clicked Icon
80%
F – car that got its name from Fabbrica Italiana Automobili Torino Fiat
78%
N – a brief respite, or, if preceded by “kid”, refers to a crime Nap
76%
C – to move slowly with the abdomen close to the ground, or Radiohead’s first hit Creep
74%
R – machine capable of carrying out a complex series of actions automatically Robot
72%
U – in poker, the player sitting in the first-to-act position is said to be _____ the gun Under
72%
B – country whose capital Porto Novo is just 40 mins by car from Nigeria Benin
71%
S – Stephen King novel that you perhaps shouldn’t be reading if you’re working as a winter caretaker in an isolated hotel The Shining
70%
G – movie trilogy The Naked ___, where detective Frank Drebin saves the day after making a complete fool of himself Gun
69%
J – capital city that was known as Batavia until 1942 Jakarta
68%
Y – the holiest day of the year in Judaism, also known as the Day of Atonement Yom Kippur
67%
V – first name of Nabokov, Russian-born author of Lolita Vladimir
64%
P – Robert who is best known as the lead singer of Led Zeppelin, or one of the four eukaryotic kingdoms of life Plant
63%
T – Disney-Pixar film that is L'Histoire de jouets in French Toy Story
62%
O – young noblewoman who pursued Hamlet but ended up going bonkers and drowning Ophelia
57%
X – a king of the First Persian Empire, grandson of Cyrus the Great Xerxes I
52%
W – baseball legend Ted, or a Formula One racing team Williams
47%
K – first name of French football star Mbappé Kylian
44%
E – a dormant volcano in Europe that is 833 m higher than Mont Blanc Elbrus
33%
No matching quizzes found
Score Distribution
Percent of People with Each Score
Percentile by Number Answered
Your Score History
You have not taken this quiz